| 000 | 00530nam a2200181Ia 4500 | ||
|---|---|---|---|
| 999 |
_c30076 _d30076 |
||
| 003 | OSt | ||
| 005 | 20201222150740.0 | ||
| 008 | 190216s9999||||xx |||||||||||||| ||und|| | ||
| 020 | _a978819063793 | ||
| 040 | _coclc | ||
| 082 |
_a894.8128 _bMAN/D |
||
| 100 |
_aManoj, M B _97712 |
||
| 245 | 0 |
_aDesham Dheshi Marga Sahithyamenna Upadana Samagri / _cM B Manoj |
|
| 260 |
_bPapyrus Books, _c2011. _aKottayam: |
||
| 300 | _a186p | ||
| 650 | _aMalayalam | ||
| 942 |
_cBK _2ddc _h894.8128 _iMAN/D _k894.8128 _mMAN/D |
||